| 000 | 00593nam a2200229Ia 4500 | ||
|---|---|---|---|
| 008 | 170203s9999 xx 000 0 und d | ||
| 020 | _a0-439309735 | ||
| 050 | _aFic | ||
| 050 | _b.V798s 2001 | ||
| 100 | _aViorst, Judith | ||
| 245 | _aSuper-Completely And Totally the Messiest / | ||
| 245 | _cby Judith Viorst ; illustrated by Robin Preiss Glasser. | ||
| 260 | _aNew York : | ||
| 260 | _bScholastic Inc., | ||
| 260 | _c2001 | ||
| 650 | _aCleanliness-- | ||
| 650 | _aOrderliness-- | ||
| 650 | _aSisters-- | ||
| 650 | _xFiction. | ||
| 650 | _xFiction. | ||
| 650 | _xFiction. | ||
| 999 |
_c306086 _d306086 |
||